000 01088nam0a22002531 4500
001 rc\177662
005 20260407091753.0
035 _a(NLR Aleph) 005438158
090 _a4728572
_c4728572
100 _a20030307d1992 |||y0rusy50 ca
101 0 _arus
102 _aRU
105 _ay |||||||||
200 1 _aПреподавание в медицинском вузе вопросов профилактики здоровья и его реабилитации
_eТез. докл. межрегион. учеб.-метод. конф., состоявшейся 28-29 янв. 1992 г.
_f[Под ред. Э.Н. Дворецкого]
210 _aПермь
_cБ. и.
_d1992
215 _a51, [4] с.
_d20
300 _aВ надзаг.: М-во здравоохранения РСФСР, Перм. гос. мед. ин-т
702 1 _aДворецкий
_bЭ.Н.
_4340
712 0 2 _aПермский медицинский институт
_3RU\NLR\AUTH\8817267
_9307752
801 0 _aRU
_bNLR
_gpsbo
801 1 _aRU
_bELAR
_2rusmarc
852 _aNLR
_j91-4/14071
942 _cBOOK
980 _aNB